000 00990cab a2200217 4500
001 ABS67629
008 040402n2004 000 0 eng u
035 _a(Sirsi) u125723
245 _aMeeting the Barker objectives
260 _c2004
490 _aInside Housing
_v21(12) 26 March 2004, 12-14(3)
520 _aSets out a critical assessment of the four principal aims of the Barker review "Delivering stability : securing our future housing need - final report" (ISBN 1845320107). These are to provide an adequate supply of affordable housing, support patterns of economic development, achieve a more stable housing market and make improvements in market affordability.
590 _aABS
650 _aAFFORDABILITY
650 _aSTABILITY
650 _aAffordable housing
_96215
650 _aBARKER REVIEW OF HOUSING SUPPLY: SECURING OUR FUTURE HOUSING NEEDS
650 _aHOUSING SUPPLY
690 _aPROPERTY-RESIDENTIAL PROPERTY-RESIDENTIAL PROPERTY MARKET
942 _n0
999 _c74349
_d74349